[Event "GER-ch U25-C"]
[Site "Willingen"]
[Date "2018.05.23"]
[Round "5"]
[White "Werner, Florin"]
[Black "Kail, Oliver"]
[Result "1/2-1/2"]
[WhiteElo "1085"]
[BlackElo "1362"]
[PlyCount "43"]
[EventDate "2018.05.19"]
[EventType "swiss"]
[EventRounds "9"]
[EventCountry "GER"]
[SourceTitle "CBM 184 Extra"]
[Source "ChessBase"]
[SourceDate "2018.06.28"]
[SourceVersion "1"]
[SourceVersionDate "2018.06.28"]
[SourceQuality "1"]

1. e4 e5 2. Nf3 Nc6 3. Bc4 Bc5 4. d3 Nf6 5. Bg5 h6 6. Bh4 0-0 7. Nc3 Be7 8. a3 Nh5 9. Bxe7 Qxe7 10. g3 d6 11. Nh4 Nf6 12. h3 a6 13. Qf3 Nd4 14. Qd1 c6 15. Ne2 Nxe2 16. Qxe2 d5 17. Bb3 b5 18. 0-0-0 Ra7 19. f3 Rd7 20. g4 g5 21. Nf5 Qe8 22. Nxh6+ 1/2-1/2

[Event "Eschborn op"]
[Site "Eschborn"]
[Date "2016.09.04"]
[Round "5"]
[White "Lambrecht, Harald"]
[Black "Kail, Oliver"]
[Result "1-0"]
[WhiteElo "1234"]
[BlackElo "886"]
[PlyCount "57"]
[EventDate "2016.09.02"]
[EventType "swiss"]
[EventRounds "5"]
[EventCountry "GER"]
[SourceTitle "EXT 2018"]
[Source "ChessBase"]
[SourceDate "2017.10.13"]
[SourceVersion "1"]
[SourceVersionDate "2017.10.13"]
[SourceQuality "1"]

1. d4 d5 2. Nf3 Nf6 3. c4 c6 4. Nc3 Nbd7 5. e3 e5 6. dxe5 Ne4 7. Bd3 Nxc3 8. bxc3 dxc4 9. Bxc4 Qa5 10. Qb3 Nxe5 11. Nxe5 Qxe5 12. Bxf7+ Kd8 13. 0-0 Qg5 14. Rd1+ Kc7 15. e4 Qf6 16. Be3 Bd6 17. Bc4 Qg6 18. Qc2 Bh3 19. g3 Qf6 20. Bf1 Bxf1 21. Rxf1 Qf3 22. Bd4 Rhg8 23. Rae1 g5 24. e5 Be7 25. e6 h5 26. Qh7 h4 27. Qxe7+ Kb8 28. Be5+ Kc8 29. Qd7# 1-0

[Event "GER-ch U25-B"]
[Site "Willingen"]
[Date "2016.05.19"]
[Round "7"]
[White "Ibrahim, Ben"]
[Black "Kail, Oliver"]
[Result "1/2-1/2"]
[WhiteElo "834"]
[BlackElo "915"]
[PlyCount "44"]
[EventDate "2016.05.15"]
[EventType "swiss"]
[EventRounds "9"]
[EventCountry "GER"]
[SourceTitle "CBM 172 Extra"]
[Source "ChessBase"]
[SourceDate "2016.06.21"]
[SourceVersion "1"]
[SourceVersionDate "2016.06.21"]
[SourceQuality "1"]

1. e4 e5 2. Nf3 Nc6 3. Bc4 Nf6 4. Ng5 d5 5. Bb3 Nxe4 6. Qf3 Nxg5 7. Qxd5 Qxd5 8. Bxd5 Bd7 9. d4 Bd6 10. Bxg5 f6 11. Bxc6 Bxc6 12. Bd2 Bxg2 13. Rg1 Bc6 14. Rxg7 0-0-0 15. Rg1 e4 16. Bc3 Bxh2 17. Rh1 Be5 18. dxe5 fxe5 19. Bxe5 e3 20. Nc3 Bxh1 21. Nb5 Kb8 22. Na3 exf2+ 1/2-1/2